| 000 | 01316nam0a2200325 4500 | ||
|---|---|---|---|
| 001 | RU\NLR\bibl\84853 | ||
| 005 | 20260607060758.0 | ||
| 010 |
_a5-7854-0072-3 _915000 |
||
| 021 |
_aRU _b1999-43811 _92155 |
||
| 035 | _a(NLR Aleph) 000082869 | ||
| 090 |
_a462113 _c462113 |
||
| 100 | _a20000510d1999 |||y0rusy50 ca | ||
| 101 | 0 | _arus | |
| 102 | _aRU | ||
| 105 | _ay ||||||||| | ||
| 200 | 1 |
_aСекта: угроза и поиск защиты _fКривельская Н.В. |
|
| 210 |
_aМ. _cФонд "Благовест" _d1999 |
||
| 215 |
_a267,[1] с. _d21 |
||
| 300 | _aНа 4-й с. обл. авт.: Кривельская Н.В., доц., к.ю.н., чл.-корр. Междунар. акад. экологии и безопасности жизнедеятельности, полк. милиции | ||
| 320 | _aБиблиогр.: с. 262-266 и в подстроч. примеч. | ||
| 606 | 0 |
_aСектантство _yРоссия _91821740 _3RU\NLR\auth\66822896 |
|
| 686 | _aЭ248 | ||
| 700 | 1 |
_4070 _7ca _8rus _aКривельская _bН. В. _f1948- _gНина Викторовна _9110487 _3RU\NLR\auth\77436 |
|
| 801 | 0 |
_aRU _bNLR _c20000510 _gPSBO |
|
| 801 | 1 |
_aRU _bNLR _c20000510 |
|
| 830 | _aАвт. по кн. | ||
| 852 |
_aNLR _j2000-5/669 |
||
| 942 | _cBOOK | ||
| 980 | _aNB | ||